Ramón Pérez de Ayala (Record no. 62420)

MARC details
000 -LEADER
campo de control de longitud fija 00564nam a2200193 i 4500
001 - NÚMERO DE CONTROL
campo de control 62420
003 - IDENTIFICADOR DE NÚMERO DE CONTROL
campo de control ES-MaACL
005 - FECHA Y HORA DE LA ÚLTIMA TRANSACCIÓN
campo de control 20230906164650.0
007 - CAMPO FIJO DE DESCRIPCIÓN FÍSICA--INFORMACIÓN GENERAL
campo de control de longitud fija t|
008 - DATOS DE LONGITUD FIJA--INFORMACIÓN GENERAL
campo de control de longitud fija 031120s1972 sp ||||1| spa d
100 1# - ENTRADA PRINCIPAL--NOMBRE DE PERSONA
Nombre de persona Fernández, Pelayo H.
9 (RLIN) 176611
245 10 - MENCIÓN DEL TÍTULO
Título Ramón Pérez de Ayala
Resto del título : tres novelas analizadas /
Mención de responsabilidad, etc. Pelayo H. Fernández.
260 ## - PUBLICACIÓN, DISTRIBUCIÓN, ETC.
Lugar de publicación, distribución, etc. Gijón :
Nombre del editor, distribuidor, etc. Yepes,
Fecha de publicación, distribución, etc. [1972]
300 ## - DESCRIPCIÓN FÍSICA
Extensión 111 p. ;
Dimensiones 20 cm.
852 ## - LOCALIZACIÓN
Ubicación ES-MaACL
Número de control de estantería C-56054
Sublocalización o colección R.88496
852 ## - LOCALIZACIÓN
Ubicación ES-MaACL
Número de control de estantería C-56055
Sublocalización o colección R.88498
852 ## - LOCALIZACIÓN
Ubicación ES-MaACL
Número de control de estantería A-6381
Sublocalización o colección R.95302
Holdings
Estatus retirado Estado de pérdida Estado de daño No para préstamo Biblioteca de origen Biblioteca actual Ubicación en estantería Fecha de adquisición Fuente de adquisición Total de préstamos Signatura topográfica completa Código de barras Visto por última vez Precio de reemplazo Tipo de ítem Koha
        Biblioteca del Ateneo de Madrid Biblioteca del Ateneo de Madrid Sala Pecera Planta 1 17/01/2008     A-6381 1065441 23/02/2023 23/02/2023 Libro impreso
        Biblioteca del Ateneo de Madrid Biblioteca del Ateneo de Madrid Depósito 2 17/01/2008     C-56054 1065439 23/02/2023 23/02/2023 Libro impreso
        Biblioteca del Ateneo de Madrid Biblioteca del Ateneo de Madrid Depósito 2 17/01/2008     C-56055 1065440 23/02/2023 23/02/2023 Libro impreso